Statistics for Every The Black Eyed Peas song that hit the Billboard hot 100

Click here to take the quiz!

General Stats

  • This quiz has been taken 77 times
  • The average score is 8 of 16

Answer Stats

Peak Chart PositionYearSong% Correct
12009I Gotta Feeling
92%
12009Boom Boom Pow
83%
82003Where Is The Love?
73%
32005My Humps
64%
72009Meet Me Halfway
62%
182006Pump It
59%
12010Imma Be
55%
42010The Time (Dirty Bit)
55%
212004Let's Get It Started
50%
32011Just Can't Get Enough
36%
32005Don't Phunk With My Heart
33%
92010Rock That Body
30%
232004Hey Mama
26%
142005Don't Lie
24%
862011Don't Stop The Party
24%
632001Request Line
9%

Score Distribution

Percentile by Number Answered

Percent of People with Each Score

Your Score History

You have not taken this quiz